| 000 | 00507nam a2200181Ia 4500 | ||
|---|---|---|---|
| 999 |
_c28834 _d28834 |
||
| 003 | OSt | ||
| 005 | 20210108131858.0 | ||
| 008 | 190216s9999||||xx |||||||||||||| ||und|| | ||
| 020 | _a9788189415075 | ||
| 040 | _coclc | ||
| 082 |
_a894.812301 _bMOH/V |
||
| 100 |
_aMohan, Nooranad _98180 |
||
| 245 | 0 |
_aVeloorikkathakal / _cNooranad Mohan |
|
| 260 |
_bUnma Publications, _aAlapuzha: |
||
| 300 | _a56p | ||
| 650 | _aKathakal | ||
| 942 |
_cBK _2ddc _h894.812301 _iMOH/V _k894.812301 _mMOH/V |
||